Chemin de carrière - Version entraîneurs - Statistiques

Statistiques générales
  • Ce quiz a été pris 41 fois
  • Le résultat moyen est 16 sur 20
Statistiques - réponses
Par images Réponse % Correct
Carlo Ancelotti
100%
José Mourinho
97%
Jürgen Klopp
95%
Luis Enrique
95%
Pep Guardiola
95%
Arsène Wenger
92%
Didier Deschamps
92%
Thomas Tuchel
92%
Xabi Alonso
92%
Alex Ferguson
89%
Diego Simeone
86%
Hansi Flick
86%
Laurent Blanc
84%
Unai Emery
84%
Julian Nagelsmann
73%
Roberto De Zerbi
68%
Antonio Conte
57%
Rafael Benitez
54%
Massimiliano Allegri
51%
Manuel Pellegrini
38%
Aucun quiz correspondant
Distribution des résultats
% des personnes avec chaque résultat
Percentile par nombre de réponses
Votre historique - résultats
Vous n’avez pas pris ce quiz